000 00879nam a2200253Ia 4500
003 OSt
005 20221005113014.0
006 a|||||r|||| 00| 0
007 ta
008 221004b |||||||| |||| 00| 0 pan d
020 _a9788123765877 (pbk)
_c75
024 _a11372
037 _b820, 13/03/2014, H.K. Prakashan
_cTextual
040 _aCRL
_cCRL
_bpan
041 _2pan
_apan
082 _aQ8441wJ34, 153Q2
100 _aਧੀਰ, ਕੁਲਦੀਪ ਸਿੰਘ
245 0 _aਗੁਰੂ ਰਾਮਦਾਸ
_b ਜੀਵਨ ਤੇ ਬਾਣੀ
260 _aਦਿੱਲੀ
_bਨੈFਨਲ ਬੁੱਕ ਟਰਸਟ ਭਾਰਤ
_c2012
300 _a156ਪੰ
_ccm.
650 _aਧਰਮ
942 _hQ8441wJ34, 153Q2
_cTEXL
_2cc
999 _c1026721
_d1026721